| 000 | 00376nam a22001457a 4500 | ||
|---|---|---|---|
| 005 | 20240513112540.0 | ||
| 008 | 240513b |||||||| |||| 00| 0 eng d | ||
| 020 | _a0-446-39638-9 | ||
| 082 |
_a020 _bGMA |
||
| 245 |
_aOfficial Guide for GMAT/ _bReview/ |
||
| 250 | _a9th ed. | ||
| 260 |
_aUSA; _bEducational Testing Service; _c1998 |
||
| 300 |
_a514 p.: _c27.5 cm. |
||
| 999 |
_c35755 _d35755 |
||